Sistema Nacional de Supervisión Educativa Manual Operativo (Record no. 8291)

MARC details
000 -LEADER
campo de control de longitud fija 00434nam a2200145Ia 4500
001 - NÚMERO DE CONTROL
campo de control 916
008 - DATOS DE LONGITUD FIJA--INFORMACIÓN GENERAL
campo de control de longitud fija 241024s9999 xx 000 0 und d
082 ## - NÚMERO DE LA CLASIFICACIÓN DECIMAL DEWEY
Número de clasificación RD/379.155/R426si
100 ## - ENTRADA PRINCIPAL--NOMBRE DE PERSONA
Nombre de persona República Dominicana.Secretaría de Estado de Educación
245 #0 - MENCIÓN DEL TÍTULO
Título Sistema Nacional de Supervisión Educativa Manual Operativo
260 ## - PUBLICACIÓN, DISTRIBUCIÓN, ETC.
Nombre del editor, distribuidor, etc. Secretaría Estado de Educación
590 ## - NOTA LOCAL (RLIN)
Nota local si
901 ## - ELEMENTOS DE DATOS A LOCAL LDA (RLIN)
a 9/12/2010 11:00:37 a.m.

No items available.

© 2024. Todos los Derechos Reservados. Desarrollado por IDEICE